[Event "Moscow ol (Men)"]
[Site "Moscow"]
[Date "1994.??.??"]
[Round "10"]
[White "Kozul, Zdenko"]
[Black "Van der Sterren, Paul"]
[Result "1/2-1/2"]
[WhiteElo "2575"]
[BlackElo "2605"]

1.d4 d5 2.c4 e6 3.Nf3 Nf6 4.g3 Be7 5.Bg2 O-O 6.O-O dxc4 7.Qc2 a6 8.a4 Bd7
9.Ne5 Bc6 10.Nxc6 Nxc6 11.e3 Na5 12.Nd2 c5 13.dxc5 Rc8 14.b4 cxb3 15.Nxb3 Nxb3
16.Qxb3 Nd7 17.c6 bxc6 18.Bd2 Nc5 19.Qc2 Nb3 20.Qxb3 Qxd2 21.a5 Rb8 22.Qa4 c5
23.Qc4 Rb5 24.Rfd1 Qb4 25.Bf1 Rc8 26.Qa2 c4  1/2-1/2

[Event "Moscow ol (Men)"]
[Site "Moscow"]
[Date "1994.??.??"]
[Round "10"]
[White "Lautier, Joel"]
[Black "Kortschnoj, Viktor"]
[Result "0-1"]
[WhiteElo "2645"]
[BlackElo "2615"]

1.d4 Nf6 2.c4 e6 3.g3 d5 4.Bg2 Be7 5.Nf3 O-O 6.O-O dxc4 7.Nc3 Nc6 8.e3 Bd6
9.Qa4 e5 10.d5 Nb4 11.Nxe5 a6 12.Nf3 Bf5 13.Nd4 Bd3 14.Re1 Bc5 15.e4 Nbxd5
16.Nf5 Nxc3 17.bxc3 Ng4 18.Ne3 Nxf2 19.e5 b5 20.Qa5 Ng4 21.Kh1 Nxe5 22.Ba3 Bxa3
23.Qxa3 c6 24.Nf5 Bxf5 25.Rxe5 Be6 26.Qc5 Rc8 27.Rae1 Qd7 28.Rg5 f6 29.Rh5 Bg4
30.Rh4 Rfe8 31.Rxe8+ Rxe8 32.h3 Qd1+ 33.Kh2 Bf3  0-1

[Event "Moscow ol (Women)"]
[Site "Moscow"]
[Date "1994.??.??"]
[Round "11"]
[White "Holoubkova, Martina"]
[Black "Milligan Scott, Helen"]
[Result "1-0"]
[WhiteElo "2190"]
[BlackElo "2035"]

1.d4 Nf6 2.c4 e6 3.g3 d5 4.Bg2 Be7 5.Nf3 O-O 6.O-O c5 7.cxd5 Nxd5 8.Nc3 Nxc3
9.bxc3 cxd4 10.cxd4 Nc6 11.Qd3 Bd7 12.Bd2 Rc8 13.Rab1 b6 14.e4 a5 15.a3 Qc7
16.Rfc1 Qa7 17.d5 exd5 18.exd5 Nb8 19.d6 Bd8 20.Bg5 Na6 21.Be7 Re8 22.Ng5 g6
23.Qd5 Rxc1+ 24.Rxc1 Be6 25.Nxe6 fxe6 26.Qxe6+  1-0

[Event "Moscow ol (Men)"]
[Site "Moscow"]
[Date "1994.??.??"]
[Round "12"]
[White "Hurelbaatar, Chultemjamc"]
[Black "Bryson, Douglas M"]
[Result "0-1"]
[WhiteElo "2300"]
[BlackElo "2370"]

1.d4 d5 2.c4 e6 3.Nf3 Nf6 4.g3 Be7 5.Bg2 O-O 6.O-O dxc4 7.Ne5 Nc6 8.Nxc6 bxc6
9.Na3 Bxa3 10.bxa3 Rb8 11.e4 Ba6 12.Qa4 Rb6 13.Rd1 Qe7 14.Qc2 Rd8 15.Qc3 Bb5
16.Bf4 Ra6 17.a4 Rxa4 18.a3 Rd7 19.h3 Qd8 20.Bf3 Ra6 21.g4 Ba4 22.Rd2 Bb3
23.Kg2 Qe7 24.g5 Ne8 25.e5 g6 26.a4 Rb6 27.a5 Qb4 28.Qxb4 Rxb4 29.Bxc6 Rd8
30.Bxe8 Rxe8 31.Be3 Rd8 32.h4 Rd5 33.h5 Rbb5 34.h6 Rxa5 35.Rc1 Kf8 36.Kf3 Rab5
37.Ke4 a5 38.Re2 a4 39.Bd2 a3 40.Bc3 a2 41.f4 Ke8 42.Rb2 Rb8 43.Ra1 Rbd8
44.Ke3 Kd7 45.Rd2 Kc8 46.Rb2 c5 47.Rd2 R8d7 48.Rc1 Kb7 49.Ra1 Kc6 50.Rc1 Kb5
51.Ra1 cxd4+ 52.Bxd4 Kb4 53.Rc1 Rxd4 54.Rxd4 Rxd4 55.Kxd4 Bc2 56.Ra1 Bb1  0-1

[Event "Nagykanizsa op"]
[Site "Nagykanizsa"]
[Date "1994.??.??"]
[Round "?"]
[White "Kustar, Sandor"]
[Black "Laihonen, Petteri"]
[Result "1/2-1/2"]
[WhiteElo "2360"]
[BlackElo "2245"]

1.Nf3 Nf6 2.c4 e6 3.g3 d5 4.d4 Be7 5.Bg2 O-O 6.Qc2 c6 7.Nbd2 b6 8.O-O Ba6
9.b3 Nbd7 10.e4 Rc8 11.Rd1 Bb7 12.Bb2 dxe4 13.Nxe4 Qc7 14.Nxf6+ Nxf6 15.c5 h6
16.Ne5 Nd5 17.h4 Bf6 18.Ng4 Be7 19.Bf1 Nf6 20.Ne5 Nd7 21.Nd3 Ba6 22.Bg2 Bxd3
23.Rxd3 Nf6 24.Rc1 b5 25.a3 Rcd8 26.Qe2 Rfe8 27.Re1 Nd5 28.Bc1 Bf8 29.h5 Be7
30.Bd2 Kh8 31.Rd1 Rd7 32.b4 Rdd8 33.Be1 a6 34.Bf3 Rd7 35.Qc2 Rdd8 36.a4 Ra8
37.Ra3 Bf6 38.Qd3 Rab8 39.axb5 axb5 40.Rda1 Kg8 41.Bd2 Qd7 42.Ra7 Rb7 43.Ra8 Rbb8
44.Rxb8 Rxb8 45.Bd1 Ne7 46.Be3 Rd8 47.Bc2 Nf5 48.Rd1 Nxd4 49.Qh7+ Kf8 50.Bf4 e5
51.Be3 Qg4 52.Bxd4 Rxd4 53.Ra1 e4 54.Ra8+ Ke7 55.Qg8 Rd1+  1/2-1/2

[Event "New York Murphy-ACF"]
[Site "New York"]
[Date "1994.??.??"]
[Round "8"]
[White "Wojtkiewicz, Aleksander"]
[Black "Umezinwa, George"]
[Result "1/2-1/2"]
[WhiteElo "2555"]
[BlackElo "2300"]

1.Nf3 Nf6 2.c4 e6 3.g3 d5 4.Bg2 Be7 5.d4 dxc4 6.Qa4+ Nbd7 7.Qxc4 c5 8.dxc5 Bxc5
9.Nc3 a6 10.Qd3 O-O 11.O-O Qc7 12.Ne4 Nxe4 13.Qxe4 Nf6 14.Bf4 Qb6 15.Qc2 Bd7
16.Ne5 Bb5 17.Bf3 Rac8 18.Qb3 a5 19.a4  1/2-1/2

[Event "JUG-chT"]
[Site "Nis"]
[Date "1994.??.??"]
[Round "?"]
[White "Rajkovic, Dusan"]
[Black "Golubovic, Zoran"]
[Result "1-0"]
[WhiteElo "2475"]
[BlackElo "2315"]

1.d4 d5 2.c4 e6 3.Nf3 Nf6 4.g3 Be7 5.Bg2 O-O 6.O-O c5 7.cxd5 exd5 8.Nc3 Nc6
9.Be3 c4 10.Ne5 Be6 11.h3 Qc8 12.Kh2 a6 13.f4 Rd8 14.g4 g6 15.Qe1 Ne4 16.f5 gxf5
17.gxf5 Bxf5 18.Rxf5 Qxf5 19.Bxe4 Qe6 20.Bf5 Qf6 21.Ng4 Qh4 22.Nh6+ Kf8 23.Qg1 Bd6+
24.Kh1 Ne7 25.Bg5 Qg3 26.Bxe7+ Kxe7 27.Nxd5+ Kf8 28.Qxg3 Bxg3 29.e4 Rd6 30.Ng4 h5
31.Ngf6 h4 32.e5 Rdd8 33.Nd7+ Rxd7 34.Bxd7 Rd8 35.Nf6 Ke7 36.Kg2 Bf4 37.Nd5+  1-0

[Event "JUG-chT"]
[Site "Nis"]
[Date "1994.??.??"]
[Round "?"]
[White "Inkiov, Ventzislav"]
[Black "Vasiljevic, Dragan"]
[Result "1-0"]
[WhiteElo "2465"]
[BlackElo "2385"]

1.d4 Nf6 2.c4 e6 3.Nf3 d5 4.g3 Be7 5.Bg2 O-O 6.O-O Nc6 7.b3 Ne4 8.Bb2 f5
9.Nbd2 Bd7 10.cxd5 exd5 11.Ne1 Bd6 12.Nd3 Qe7 13.Nf3 f4 14.Nfe5 fxg3 15.hxg3 Nd8
16.Nxd7 Qxd7 17.Ne5 Qe6 18.Qd3 Nf6 19.f4 c6 20.g4 Nxg4 21.f5 Nxe5 22.dxe5 Bc5+
23.e3 Qe7 24.Rf3 Ne6 25.Raf1 Ng5 26.Rg3 h6 27.f6 Qd7 28.Rf5 Rae8 29.Rfxg5 hxg5
30.Rh3 Qg4 31.fxg7 Rf5 32.e6 d4 33.Rh8+ Kxg7 34.Rxe8  1-0

[Event "NLD-sf"]
[Site "?"]
[Date "1994.??.??"]
[Round "7"]
[White "Vogel, Jaap"]
[Black "Kuipers, Eelco"]
[Result "1/2-1/2"]
[WhiteElo "2300"]
[BlackElo "2035"]

1.Nf3 Nf6 2.g3 d5 3.Bg2 e6 4.c4 Be7 5.d4 O-O 6.O-O c6 7.b3 Nbd7 8.Bb2 b6
9.Ne5 Bb7 10.Nd2 Nxe5 11.dxe5 Nd7 12.f4 a5 13.a3 b5 14.cxb5 Qb6+ 15.Kh1 Qxb5
16.f5 exf5 17.Nc4 Nc5 18.Nd6 Bxd6 19.exd6 Ne6 20.Rxf5 Rad8 21.e4 a4 22.exd5 cxd5
23.bxa4 Qxb2 24.Rb1 Qxa3 25.Rxb7 Rxd6 26.Rxd5 Rxd5 27.Bxd5 Rd8 28.Qf1 Qf8
29.Qf3 Rc8 30.h4 Nd8 31.Rb1 Qe8 32.a5 Qd7 33.g4 h5 34.gxh5 Qe7 35.Qg4 Rc5
36.h6 Qf6 37.h7+ Kh8 38.Bg2 Rxa5 39.Rf1 Ra1 40.Rxa1 Qxa1+ 41.Kh2 Qe5+  1/2-1/2

[Event "NOR-ch"]
[Site "?"]
[Date "1994.??.??"]
[Round "4"]
[White "Hjelmaas, Lars"]
[Black "Ogaard, Leif"]
[Result "1/2-1/2"]
[WhiteElo "2315"]
[BlackElo "2425"]

1.d4 Nf6 2.c4 e6 3.g3 d5 4.Bg2 Be7 5.Nf3 O-O 6.Nc3 b6 7.O-O Bb7 8.Ne5 Na6
9.b3 c5 10.Bb2 Nc7 11.Rc1 Bd6 12.e3 Qe7 13.Ne2 Rfd8 14.Qc2 Rac8 15.dxc5 bxc5
16.Rfd1 Na6 17.Nf4 Nb4 18.Qb1 dxc4 19.Bxb7 Qxb7 20.Nxc4 Bxf4 21.exf4 Qf3
22.Bxf6 gxf6 23.Nd6 Rc6 24.Ne4 Nd3 25.Rc3 Rcd6 26.Nxd6 Qxf2+ 27.Kh1 Qf3+  1/2-1/2

[Event "Oakham"]
[Site "Oakham"]
[Date "1994.??.??"]
[Round "7"]
[White "Conquest, Stuart"]
[Black "Thorhallsson, Throstur"]
[Result "1/2-1/2"]
[WhiteElo "2495"]
[BlackElo "2470"]

1.c4 e6 2.g3 d5 3.Bg2 Nf6 4.d4 Be7 5.Nf3 dxc4 6.O-O O-O 7.Qc2 a6 8.Qxc4 b5
9.Qc2 Bb7 10.Bd2 Be4 11.Qc1 Nc6 12.Be3 Nb4 13.Nbd2 Bd5 14.a3 Nc6 15.Qc2 Rc8
16.Rfd1 Na5 17.b4 Nc4 18.Nxc4 Bxc4 19.Ne5 Bd5 20.Nc6 Qd7 21.Rac1 Bxg2 22.Kxg2 Nd5
23.Bd2 Nb6 24.Qe4 Nc4 25.h4 Rfe8 26.Qf3 Qd5 27.Nxe7+ Rxe7 28.e4 Qc6 29.Bf4 Rd8
30.h5 h6 31.g4 Red7 32.Be3 Qb7 33.Kh2 f6 34.Qg2 e5 35.d5 c6 36.dxc6 Qxc6
37.Re1 Rd3 38.a4 bxa4 39.Bc5 Qb5 40.Re2 a5 41.g5 fxg5 42.Qg4 Re8 43.Rec2 Na3
44.Rb2 Nc4 45.Rbc2 Na3 46.Rb2 Kh8 47.Qf5 Nc4 48.Rbc2 Nd6 49.Bxd6 Rxd6 50.Rc8  1/2-1/2

[Event "DEN-ch"]
[Site "Odense"]
[Date "1994.??.??"]
[Round "3"]
[White "Hansen, Curt"]
[Black "Danielsen, Henrik"]
[Result "1-0"]
[WhiteElo "2580"]
[BlackElo "2480"]

1.d4 Nf6 2.c4 e6 3.g3 d5 4.Bg2 Be7 5.Nf3 O-O 6.O-O Nbd7 7.Qc2 c6 8.b3 b6
9.Bb2 Bb7 10.Nc3 Qc7 11.Rad1 b5 12.c5 b4 13.Nb1 Ba6 14.Rfe1 Ne4 15.Nbd2 f5
16.Nxe4 fxe4 17.Ne5 Nxe5 18.dxe5 Rab8 19.Bd4 Qa5 20.f3 exf3 21.exf3 Rf7 22.f4 g6
23.Bh3 Bc8 24.Bg4 Qd8 25.Rf1 Qf8 26.h4 Qg7 27.Kg2 Bd7 28.Rf2 Rb5 29.Be2 Rb8
30.Rh1 Rff8 31.Bg4 Rb7 32.h5 Bd8 33.hxg6 Qxg6 34.Qxg6+ hxg6 35.Kf3 Bc8 36.Rfh2 Rg7
37.Ke3 Be7 38.Rh8+ Kf7 39.Rxf8+ Bxf8 40.a3 bxa3 41.Ra1 g5 42.Bh5+ Kg8 43.Rxa3 gxf4+
44.gxf4 Rh7 45.Be8 Rc7 46.b4 Be7 47.Ra1 Kf8 48.Bg6 Bd8 49.Bd3 Be7 50.Rh1 Kg8
51.Kf3 Bd7 52.f5 exf5 53.Kf4 Rb7 54.b5 cxb5 55.Bxf5 Bxf5 56.Kxf5  1-0

[Event "Olot op"]
[Site "Olot"]
[Date "1994.??.??"]
[Round "?"]
[White "Cifuentes Parada, Roberto"]
[Black "Cuadras, Jorge"]
[Result "1-0"]
[WhiteElo "2490"]
[BlackElo "2280"]

1.d4 Nf6 2.c4 e6 3.g3 d5 4.Bg2 Be7 5.Nf3 O-O 6.O-O dxc4 7.Qc2 a6 8.a4 Bd7
9.Ne5 Bc6 10.Nxc6 Nxc6 11.e3 Nb4 12.Qxc4 c6 13.a5 b5 14.axb6 Qxb6 15.Nc3 Rac8
16.Bd2 c5 17.Na4 Qd8 18.Bxb4 cxb4 19.Qxa6 Rc2 20.Qd3 Qc7 21.Qb3 Qc4 22.Qxc4 Rxc4
23.Rfc1 Rfc8 24.Nc5 Rxc1+ 25.Rxc1 e5 26.Nd3 Rxc1+ 27.Nxc1 exd4 28.exd4 Nd7
29.Bc6 Nb6 30.b3 Bf6 31.Nd3 Bxd4 32.Nxb4 Kf8 33.Kf1 h6 34.Be4 Ke8 35.Nc6 Bb2
36.Ke2 Kd7 37.Kd3 Kd6 38.f4 f5 39.Bg2 Ke6 40.Nd4+ Kf6 41.Bc6 Ba1 42.h4 g5
43.h5 gxf4 44.gxf4 Bb2 45.b4 Bc1 46.Ne2 Bb2 47.Kc2  1-0

[Event "Ostrava"]
[Site "Ostrava"]
[Date "1994.??.??"]
[Round "2"]
[White "Haba, Petr"]
[Black "Kavalek, Lubomir"]
[Result "1/2-1/2"]
[WhiteElo "2475"]
[BlackElo "2550"]

1.d4 d5 2.c4 e6 3.Nf3 Nf6 4.g3 Be7 5.Bg2 O-O 6.O-O dxc4 7.Qc2 a6 8.Qxc4 b5
9.Qc2 Bb7 10.Bg5 Nc6 11.Rd1 Nb4 12.Qc1 Rc8 13.Nc3 Nbd5 14.Nxd5 Bxd5 15.Bxf6 Bxf6  1/2-1/2

[Event "Pardubice op2"]
[Site "Pardubice"]
[Date "1994.??.??"]
[Round "5"]
[White "Poltavets, G."]
[Black "Scholz, Alexander"]
[Result "1-0"]
[WhiteElo "2240"]
[BlackElo "1955"]

1.Nf3 Nf6 2.c4 e6 3.g3 d5 4.d4 Be7 5.Bg2 O-O 6.O-O b6 7.Nc3 Bb7 8.Ne5 c6
9.Qa4 dxc4 10.Qxc4 b5 11.Qd3 Qb6 12.Be3 Rd8 13.Rac1 Na6 14.Rfd1 Nb4 15.Qb1 Nbd5
16.Bg5 Rac8 17.Nxd5 cxd5 18.Rxc8 Rxc8 19.Bxf6 Bxf6 20.Nd7 Qc7 21.Nxf6+ gxf6
22.e3 Qc2 23.Bf1 a6 24.Bd3 Qxb1 25.Rxb1 e5 26.Kf1 Kg7 27.Ke1 Kh6 28.Kd2 Kg5
29.f4+ Kg4 30.fxe5 fxe5 31.Rf1 Rc7 32.dxe5 Kh3 33.Rf2 h6 34.Bf5+  1-0

[Event "Pardubice op"]
[Site "Pardubice"]
[Date "1994.??.??"]
[Round "7"]
[White "Shumiakina, Tatiana"]
[Black "Blauert, Joerg"]
[Result "1-0"]
[WhiteElo "2330"]
[BlackElo "2415"]

1.d4 e6 2.c4 Nf6 3.g3 d5 4.Bg2 Be7 5.Nf3 O-O 6.O-O dxc4 7.Qc2 a6 8.a4 Bd7
9.Qxc4 Bc6 10.Bg5 a5 11.Nc3 Na6 12.Bxf6 Bxf6 13.e4 Nb4 14.Rfd1 Re8 15.Rac1 Qd7
16.b3 Rad8 17.Qe2 Qc8 18.h4 Qa8 19.Qe3 b6 20.Bf1 Rd7 21.Bh3 Bb7 22.d5 Bxc3
23.Rxc3 Bxd5 24.Ne5 Rde7 25.exd5 exd5 26.Qf4 Rxe5 27.Rxc7 f6 28.Qg4 R5e7
29.Rxe7 Rxe7 30.Rc1 Nc6 31.Qf5 Na7 32.Bg2 Qd8 33.Bxd5+ Kh8 34.Be4 Qg8 35.Rc4 Re8
36.Qd7 Nc8 37.Bb7 Ne7 38.Re4 Qf8 39.Bc6  1-0

[Event "Paris op"]
[Site "Paris"]
[Date "1994.??.??"]
[Round "2"]
[White "Spiridonov, Nikola"]
[Black "Verat, Laurent"]
[Result "1-0"]
[WhiteElo "2435"]
[BlackElo "2330"]

1.d4 Nf6 2.c4 e6 3.g3 d5 4.Nf3 Be7 5.Bg2 O-O 6.O-O b6 7.Nc3 Bb7 8.Ne5 Na6
9.Bf4 c5 10.dxc5 bxc5 11.cxd5 exd5 12.Nc4 Qd7 13.Na5 Rad8 14.Nxb7 Qxb7 15.Qb3 Rd7
16.Qxb7 Rxb7 17.b3 Rd7 18.Rfd1 Rfd8 19.Rac1 h6 20.Bh3 Rb7 21.Na4 Ne4 22.Bf5 Ng5
23.Bd3 Nh3+ 24.Kf1 Nb4 25.Nxc5 Bxc5 26.Rxc5 Nxf4 27.gxf4 Nxa2 28.Bb1 Nb4
29.Rd4 Rdb8 30.h4 g6 31.f5 gxf5 32.Bxf5 Kg7 33.Rf4 Na6 34.Rxd5 Rxb3 35.Be4 Re8
36.Rd7 Rf8 37.Bd5 Rb1+ 38.Kg2 Rb4 39.Rdxf7+ Rxf7 40.Rxf7+ Kg6 41.Rxa7 Nc5
42.Rc7 Ne4 43.Rc4 Rxc4 44.Bxc4 Kh5 45.Bd3 Nd6 46.Kg3 Nf5+ 47.Kf4 Nxh4 48.Be4 Ng6+
49.Bxg6+ Kxg6 50.Kg4  1-0

[Event "Paris"]
[Site "Paris"]
[Date "1994.??.??"]
[Round "7"]
[White "Hauchard, Arnaud"]
[Black "Apicella, Manuel"]
[Result "0-1"]
[WhiteElo "2485"]
[BlackElo "2435"]

1.d4 e6 2.Nf3 d5 3.g3 Nf6 4.Bg2 Be7 5.c4 O-O 6.O-O c6 7.Qb3 Nbd7 8.Nc3 b6
9.Bf4 Bb7 10.cxd5 exd5 11.Rad1 Nh5 12.Bc1 Bd6 13.e4 dxe4 14.Nxe4 Ndf6 15.Ne5 Nd5
16.Nc5 Bxc5 17.dxc5 Nhf6 18.Rfe1 Qc7 19.Qc2 Rad8 20.a3 h6 21.b3 b5 22.Bb2 Bc8
23.Nf3 Bg4 24.h3 Bh5 25.Be5 Qc8 26.Bxf6 Bxf3 27.Bxd8 Bxd1 28.Rxd1 Rxd8 29.Rd4 Qe6
30.Qd2 f6 31.h4 Kf7 32.Bf3 Qe5 33.Kh2 Rd7 34.Qd3 a6 35.h5 Kf8 36.Kg1 Nf4
37.Rxd7 Nxd3 38.Rxd3 Qxc5 39.b4 Qc1+ 40.Kg2 c5 41.Be4 cxb4 42.axb4 Ke7 43.Bf5 Qc6+
44.Kh3 Qc4 45.f4 Qxb4 46.Rd7+ Ke8 47.Rxg7 a5 48.Rh7 a4 49.Rxh6 a3 50.Rh8+ Ke7
51.Ra8 Qb2 52.Ra7+ Kd6 53.Ra6+ Kc5 54.Be6 b4 55.Bf7 b3 56.h6 a2 57.Bxb3 a1=Q
58.Rxa1 Qxa1 59.Kg4 Qh1 60.Kf5 Qxh6 61.g4 Kd6 62.g5  0-1

[Event "World op"]
[Site "Philadelphia"]
[Date "1994.??.??"]
[Round "?"]
[White "Griego, David W"]
[Black "Vaganian, Rafael A"]
[Result "0-1"]
[WhiteElo "2335"]
[BlackElo "2625"]

1.d4 Nf6 2.c4 e6 3.Nf3 d5 4.g3 Be7 5.Bg2 O-O 6.O-O c6 7.Qc2 Nbd7 8.Rd1 b6
9.b3 Ba6 10.Nbd2 Rc8 11.e4 c5 12.exd5 exd5 13.Bb2 Re8 14.Qf5 g6 15.Qh3 b5
16.Ne5 bxc4 17.Nxd7 cxd4 18.Nxf6+ Bxf6 19.bxc4 dxc4 20.Ne4 Bg7 21.Bc1 Re5
22.Qh4 Qxh4 23.gxh4 Rce8 24.f3 f5 25.Ng3 c3 26.Bf1 d3 27.Bf4 c2 28.Rxd3 Bxd3
29.Bxd3 Re1+ 30.Rxe1 Rxe1+ 31.Kf2 c1=Q 32.Bxc1 Rxc1 33.Ne2 Rh1 34.Kg2 Rd1
35.Bc4+ Kh8 36.h5 Be5 37.f4 Bd6  0-1

[Event "Plock op rapid"]
[Site "Plock"]
[Date "1994.??.??"]
[Round "6"]
[White "Franczak, Adrian"]
[Black "Dabrowski, Wojciech"]
[Result "1-0"]
[WhiteElo "2325"]
[BlackElo "2210"]

1.d4 Nf6 2.g3 d5 3.Nf3 e6 4.c4 Be7 5.Bg2 O-O 6.O-O dxc4 7.Qc2 a6 8.a4 Nc6
9.Qxc4 Qd5 10.Qxd5 exd5 11.Bf4 Bg4 12.Rd1 Rac8 13.Nc3 Nb4 14.h3 Be6 15.Rac1 h6
16.g4 Rfe8 17.Ne1 c6 18.Nd3 Nxd3 19.Rxd3 a5 20.Na2 Bd8 21.Rb3 Re7 22.Nc3 Ne4
23.Nxe4 dxe4  1-0

[Event "CRO-ch"]
[Site "Porec"]
[Date "1994.??.??"]
[Round "?"]
[White "Sulava, Nenad"]
[Black "Lazovic, Gordan"]
[Result "1/2-1/2"]
[WhiteElo "2400"]
[BlackElo "2305"]

1.Nf3 Nf6 2.c4 e6 3.g3 d5 4.d4 Be7 5.Bg2 O-O 6.O-O dxc4 7.Nc3 Nbd7 8.e4 Nb6
9.Be3 Bd7 10.Ne5 Rc8 11.a4 a5 12.Qe2 Bb4 13.Nxc4 Nxc4 14.Qxc4 Bc6 15.Bg5 h6
16.Bxf6 Qxf6 17.e5 Qd8 18.Bxc6 bxc6 19.Rfd1 Bxc3 20.Qxc3 Qd5 21.Rac1 Rb8
22.Qxc6 Qxc6 23.Rxc6 Rxb2 24.Rxc7 f6  1/2-1/2

[Event "Bohemians"]
[Site "Prague"]
[Date "1994.??.??"]
[Round "4"]
[White "Mozny, Milos"]
[Black "Zvara, Petr"]
[Result "1/2-1/2"]
[WhiteElo "2405"]
[BlackElo "2325"]

1.Nf3 e6 2.d4 d5 3.c4 Nf6 4.g3 Be7 5.Bg2 O-O 6.O-O dxc4 7.Ne5 Nbd7 8.Nxc4 Nb6
9.Ne5 Nfd7 10.Nd3 Bf6 11.e3 c6 12.f4 Be7 13.Qc2 Nf6 14.Nd2 Nbd5 15.Nf3 Nb4
16.Nxb4 Bxb4 17.Ne5 Be7 18.g4 Bd7 19.Rf3 Be8 20.Rh3 g6 21.g5 Nd5 22.Bd2 Rc8
23.b4 b6 24.Qb2 f6 25.gxf6 Bxf6 26.Rc1 Bg7 27.Qb3 Rc7 28.Nf3 Re7 29.Kh1 Bd7
30.Rg3 Be8 31.Ng5 h6 32.Nf3 Kh7 33.Qd3 Rc7 34.Rg1 c5 35.bxc5 bxc5 36.dxc5 Rd7
37.Qc2 Ne7 38.Rh3 Kg8 39.Bc3 Bxc3 40.Qxc3 Rd3 41.Qb2 Nf5 42.e4 Ng7 43.Qc1 Bc6
44.Qc4 Rxf4 45.Re1 Rd1 46.Rxd1 Qxd1+ 47.Ng1 Rg4 48.Re3 Qd7 49.h3 Rf4 50.Ne2 Rf2
51.Kg1 Rf8 52.Nd4 Kh7 53.Nxc6 Qxc6 54.e5 Qc7 55.Re1 Rf5 56.Qd4 Rg5 57.Qd6 Qa5
58.Re2 Qb5 59.Rd2 Qb1+ 60.Kh2 h5 61.c6 Qe1 62.c7  1/2-1/2

[Event "CZE Tschechien-ch"]
[Site "Prague"]
[Date "1994.??.??"]
[Round "5"]
[White "Chloupek, Stanislav"]
[Black "Adamek, Zdenek"]
[Result "1/2-1/2"]
[WhiteElo "2310"]
[BlackElo "2120"]

1.d4 d5 2.Nf3 Nf6 3.c4 e6 4.g3 Be7 5.Bg2 O-O 6.O-O dxc4 7.Qc2 a6 8.a4 Nc6
9.Qxc4 Na5 10.Qc2 b6 11.Ne5 Nd5 12.Bd2 Bb7 13.Na3 Re8 14.Nd3 Nc6 15.Qc4 Rb8
16.Rfd1 b5 17.axb5 Nb6 18.Qa2 Nxd4 19.Nf4 Bxg2 20.Kxg2 Nxb5 21.Nc4 Nxc4 22.Qxc4 Qc8
23.Be3 Bf6 24.Rd2 Qb7+ 25.Kg1 Red8 26.Rxd8+ Rxd8 27.Nd3 Bd4 28.Bf4 Bf6 29.Be3 Bd4
30.Bf4 Bf6  1/2-1/2

[Event "Bohemians"]
[Site "Prague"]
[Date "1994.??.??"]
[Round "10"]
[White "Mozny, Milos"]
[Black "Pachmann, Ales"]
[Result "1/2-1/2"]
[WhiteElo "2405"]
[BlackElo "2190"]

1.d4 d5 2.Nf3 Nf6 3.c4 e6 4.g3 Be7 5.Bg2 O-O 6.O-O dxc4 7.Ne5 Nc6 8.Nxc6 bxc6
9.Na3 Bxa3 10.bxa3 Nd5 11.a4 a5 12.Ba3 Nb4 13.Rb1 Rb8 14.e3 Ba6 15.Qh5 c3
16.Rfc1 Nxa2 17.Qxa5 c2 18.Ra1 Nxc1 19.Rxc1 Bd3 20.Qc3 Bg6 21.Bxf8 Qxf8 22.e4 Qb4
23.Qxc2 Ra8 24.Qxc6 Qxa4 25.h4 h5 26.Qc5 Rd8 27.Rc4 Qd1+ 28.Kh2 Qd2 29.d5 exd5
30.exd5 Rd7 31.Ra4 Qc2 32.Rc4 Qd3 33.Rb4 Qc2 34.Qe3 Kh7 35.Rf4 Rd6 36.Rxf7 Bxf7
37.Be4+ Bg6 38.Bxc2 Bxc2 39.Qe5 Bg6 40.f3 Kg8 41.Kg2 Bf7 42.Kf2 g6 43.Qe7 Rxd5
44.Qxc7 Rf5 45.Ke3 Bd5 46.g4 Rxf3+ 47.Ke2 Rf8 48.Qd6 Bf3+ 49.Ke3 Bxg4 50.Qxg6+ Kh8
51.Kd4 Rf5 52.Ke4 Rf3 53.Ke5 Rf5+ 54.Kd6 Rf3 55.Ke7 Rf5  1/2-1/2

[Event "ROM-chT"]
[Site "ROM"]
[Date "1994.??.??"]
[Round "?"]
[White "Doroshenko, Maxim"]
[Black "Ciolac, Gheorghe"]
[Result "0-1"]
[WhiteElo "2270"]
[BlackElo "2380"]

1.Nf3 Nf6 2.c4 e6 3.d4 d5 4.g3 Be7 5.Bg2 O-O 6.O-O dxc4 7.Ne5 Nc6 8.Nxc6 bxc6
9.Nc3 Rb8 10.Bxc6 Nd5 11.e4 Nb4 12.Bb5 Nd3 13.Bxc4 Nxb2 14.Bxb2 Rxb2 15.Qd3 Rb4
16.Rfd1 c6 17.Rab1 Qa5 18.Rb3 Rd8 19.Rxb4 Bxb4 20.Ne2 g6 21.Qb3 Bf8 22.d5 cxd5
23.exd5 Qb6 24.dxe6 Rxd1+ 25.Qxd1 Bxe6 26.Bxe6 Qxe6 27.Qc2 Qe5 28.Nf4 Kg7
29.h4 Be7 30.Qc4 Bf6 31.h5 gxh5 32.Ng2 Qd4 33.Qe2 Qg4 34.Qd3 Qd4 35.Qe2 Qg4
36.Qc2 Bd4 37.Kh2 Qf3 38.Ne3 Bxe3 39.Qc3+ Kg6 40.fxe3 Qf2+ 41.Kh3 Qf1+ 42.Kh2 Qf2+
43.Kh3 Qxa2 44.Qd3+ Kh6 45.e4 Qe6+ 46.Kh2 a6 47.e5 Kg7 48.Qe2 a5 49.Qb2 Kg6
50.Qb1+ Kg7 51.Qb2 a4 52.Qa1 Qc4 53.e6+ f6 54.Qd1 Qa2+ 55.Kg1 Qxe6 56.Qxa4 Qg4
57.Qa7+ Kg6 58.Qb8 Qd4+ 59.Kh2 Qf2+ 60.Kh3 Qf1+ 61.Kh2 Qe2+ 62.Kg1 Qd1+ 63.Kh2 Qd2+
64.Kg1 Qd1+ 65.Kh2 Qc2+ 66.Kh3 Qf5+ 67.Kh2 Qe6 68.Qh8 Qe2+ 69.Kh3 Qg4+ 70.Kh2 Qe2+
71.Kh3 Qe6+ 72.Kh2 Qf7 73.Qd8 Qa2+ 74.Kh3 Qe6+ 75.Kh2 h4 76.gxh4 Kh5 77.Qf8 Qe2+
78.Kg1 Qg4+ 79.Kf1 Qf4+ 80.Kg2 Kxh4 81.Qe7 Qg4+ 82.Kh2 Qg3+ 83.Kh1 Qf3+ 84.Kh2 h6
85.Qb4+ Kh5 86.Qb5+ Kg4 87.Qd7+ Qf5 88.Qd1+ Kg5 89.Qg1+ Qg4 90.Qc5+ Qf5 91.Qg1+ Qg4
92.Qc5+ f5 93.Qe7+ Kh5 94.Qf7+ Qg6 95.Qd5 Qg5 96.Qf3+ Qg4 97.Qd3 Qf4+  0-1

[Event "San Martin"]
[Site "San Martin"]
[Date "1994.??.??"]
[Round "6"]
[White "Scarella, Enrique"]
[Black "Soppe, Guillermo"]
[Result "1/2-1/2"]
[WhiteElo "2405"]
[BlackElo "2430"]

1.Nf3 d5 2.c4 e6 3.d4 Nf6 4.g3 Be7 5.Bg2 O-O 6.O-O Na6 7.Nc3 c5 8.cxd5 exd5
9.b3 Bg4 10.Bb2 Re8 11.Rc1 Rc8 12.Ne5 Be6 13.Nd3 cxd4 14.Nb5 Rxc1 15.Qxc1 Bg4
16.Re1 Qa5 17.Nxd4 Rc8 18.Qa1 Nb4 19.Ne5 Nc2 20.Nxc2 Rxc2 21.Nxg4 Rxb2 22.Rc1 Qxa2
23.Rc8+ Bf8 24.Nxf6+ gxf6 25.Qxa2 Rxa2 26.Bxd5 Rxe2 27.Rc7  1/2-1/2

[Event "San Mateo"]
[Site "San Mateo"]
[Date "1994.??.??"]
[Round "?"]
[White "Summerscale, Aaron"]
[Black "Izumikawa, Burt"]
[Result "1-0"]
[WhiteElo "2410"]
[BlackElo "2360"]

1.d4 Nf6 2.g3 e6 3.Bg2 Be7 4.c4 d5 5.Nf3 O-O 6.O-O dxc4 7.Qc2 a6 8.Qxc4 b5
9.Qc2 Bb7 10.Bd2 Be4 11.Qc1 a5 12.Nc3 Bc6 13.a4 b4 14.Nb5 Ne8 15.Bf4 Nd6
16.Qc2 Ra6 17.Rfc1 h6 18.h4 Kh8 19.e3 Kg8 20.h5 Kh8 21.Qe2 Rb6 22.Ne5 Bxg2
23.Kxg2 Ne8 24.Nxc7 Nxc7 25.Rxc7 Kg8 26.Rac1 Rd6 27.Nxf7  1-0

[Event "Sarospatak op"]
[Site "Sarospatak"]
[Date "1994.??.??"]
[Round "?"]
[White "Husek, Zdenek"]
[Black "Izsak, Gyula"]
[Result "0-1"]
[WhiteElo "2255"]
[BlackElo "2365"]

1.d4 Nf6 2.c4 e6 3.g3 d5 4.Nf3 Be7 5.Bg2 O-O 6.O-O b6 7.cxd5 exd5 8.Nc3 Bb7
9.Ne5 c6 10.e4 dxe4 11.Nxe4 Nd5 12.a3 Nd7 13.Qc2 Qc7 14.Nd3 Rad8 15.b4 N7f6
16.Bb2 Qc8 17.Ne5 Nxe4 18.Bxe4 g6 19.h4 Bf6 20.Rac1 Rd6 21.Rfe1 Bg7 22.Qb3 Qa8
23.h5 Re8 24.hxg6 hxg6 25.b5 cxb5 26.Nxf7 Kxf7 27.Rc7+ Kf8 28.Rc2 Nf6 29.d5 Bxd5
30.Qxb5 Nxe4  0-1

[Event "SCO-ch"]
[Site "SCO"]
[Date "1994.??.??"]
[Round "?"]
[White "Parker, Jonathan"]
[Black "Bryson, Douglas M"]
[Result "1-0"]
[WhiteElo "2390"]
[BlackElo "2350"]

1.d4 d5 2.c4 e6 3.g3 Nf6 4.Bg2 Be7 5.Nf3 O-O 6.O-O dxc4 7.Na3 Bxa3 8.bxa3 Nc6
9.Bb2 Rb8 10.Qc2 b5 11.Rad1 Bb7 12.Ng5 g6 13.e4 Nd7 14.h4 Qe7 15.d5 Nd8 16.Qc3 e5
17.f4 f6 18.Bh3 fxg5 19.Bxd7 Qxd7 20.Qxe5 gxh4 21.f5 g5 22.gxh4 h6 23.hxg5 c3
24.Bxc3 b4 25.axb4 hxg5 26.Qh8+ Kf7 27.Qh5+ Ke7 28.f6+  1-0

[Event "Sevilla op"]
[Site "Sevilla"]
[Date "1994.??.??"]
[Round "5"]
[White "Marin, Mihail"]
[Black "Veingold, Aleksandr"]
[Result "1/2-1/2"]
[WhiteElo "2530"]
[BlackElo "2465"]

1.d4 Nf6 2.c4 e6 3.g3 d5 4.Bg2 Be7 5.Nf3 O-O 6.O-O dxc4 7.Qc2 a6 8.Qxc4 b5
9.Qc2 Bb7 10.Bd2 Nc6 11.e3 Ra7 12.Rc1 Qa8 13.Ne1 Nb8 14.Ba5 Bxg2 15.Nxg2 Nfd7
16.b4 e5 17.Nd2 exd4 18.exd4 Bf6 19.Nb3 Rd8 20.Rd1 Nb6 21.Bxb6 cxb6 22.Rac1 Rad7
23.Ne3 Be7 24.a3 a5 25.Qe2 axb4 26.axb4 Qa4 27.Nd2 Qxb4 28.Nf3 Bf6 29.Rb1 Qe7
30.Qxb5 Qe4 31.Qf5 Qxf5 32.Nxf5 Rb7 33.Rb5 g6 34.Nh6+ Kg7 35.Ng4 Nc6 36.Nxf6 Kxf6
37.Rdb1 Nxd4 38.Nxd4  1/2-1/2

[Event "Skei"]
[Site "Skei"]
[Date "1994.??.??"]
[Round "7"]
[White "Stokstad, Petter G"]
[Black "Westerinen, Heikki MJ"]
[Result "0-1"]
[WhiteElo "2180"]
[BlackElo "2355"]

1.d4 d5 2.c4 e6 3.Nf3 Nf6 4.g3 Be7 5.Bg2 O-O 6.O-O c6 7.Nc3 b6 8.Qa4 Bb7
9.Rd1 a6 10.Qb3 Nbd7 11.cxd5 cxd5 12.Bf4 b5 13.Rac1 Rc8 14.a4 b4 15.Nb1 Qa5
16.Qa2 Ne4 17.Nfd2 Nb6 18.b3 Nc3 19.Nxc3 bxc3 20.Nb1 Rc6 21.Rd3 Rfc8 22.Qc2 Bb4
23.g4 Nd7 24.Rh3 Nf8 25.Rd1 Qd8 26.g5 a5 27.Rdd3 Ba6 28.Rde3 Ng6 29.Be5 Qxg5
30.Nxc3 f6 31.Reg3 Rxc3 32.Rxc3 Bxc3 33.Rxc3 Rxc3 34.Qxc3 fxe5 35.Qc6 Kf7
36.Qc7+ Ne7 37.h4 Qxh4 38.Qxe5 Qf6 39.Qh5+ Qg6 40.Qf3+ Qf5 41.Qe3 Qg4 42.Kh2 Nf5
43.Qc3 Bxe2 44.Qxa5 Nxd4 45.Qc7+ Kg6 46.Bh3 Nf3+ 47.Kh1 Qg1+  0-1